| 000 | 00732nam a2200253Ia 4500 | ||
|---|---|---|---|
| 003 | GCL | ||
| 008 | 140319s9999 xx 000 0 ara d | ||
| 040 |
_aGCL / _cGCL |
||
| 082 | 0 | 4 |
_aط _b613.12 _bا ج |
| 100 | 1 | _aوجدى رزق غالى | |
| 245 | 1 | 0 |
_aالجبال / _cوجدى رزق غالى |
| 700 | 1 | _aارمسترنج، ب . هـ | |
| 260 |
_a[S.N] : _bمكتبة لبنان |
||
| 300 | _a51 ص | ||
| 490 |
_aسلسلة الكتب الرائدة _v0 |
||
| 650 | 0 | 4 | _aالاطفال |
| 650 | 0 | 4 | _aالبراكين |
| 650 | 0 | 4 | _aالسدود |
| 650 | 0 | 4 | _aالجبال |
| 650 | 0 | 4 | _aالجبال الجليدية |
| 650 | 0 | 4 | _aالممرات الجبلية |
| 650 | 0 | 4 | _aتسلق الجبال |
| 942 |
_2ddc _cBK |
||
| 999 |
_c33239 _d33239 |
||